Score 0/24 Timer 04:00
3 Plays Today
% Correct
R2-D2
98.2%
Lightsabers
94.4%
Princess Leia
93.2%
Darth Vader
91%
Jar Jar Binks
90%
Chewbacca
88.7%
Luke Skywalker
88.5%
Stormtrooper
87.6%
Death Star
87.2%
Yoda
86.2%
Boba Fett
85.8%
C-3PO
84.9%
% Correct
Millennium Falcon
84%
Darth Maul
82.4%
Emperor Palpatine
77.2%
X-Wing Fighter
74.8%
BB-8
73.6%
Kylo Ren
73.2%
AT-AT
70.2%
Admiral Ackbar
67.5%
TIE Fighters
67.2%
Rebel Alliance Emblem
58%
Galactic Empire Emblem
53.4%
Wampa
32.3%
Remove Ads.
Support Sporcle.
Get the best of Sporcle when you Go Orange. This ad-free experience offers more features, more stats, and more fun while also helping to support Sporcle. Thank you for becoming a member.

You're not logged in!

Compare scores with friends on all Sporcle quizzes.
OR
Log In

Show Comments

Extras

Top Quizzes Today


Score Distribution

Your Account Isn't Verified!

In order to create a playlist on Sporcle, you need to verify the email address you used during registration. Go to your Sporcle Settings to finish the process.

Report this User

Report this user for behavior that violates our Community Guidelines.

Details: